Social and behavioral aspects of pharmaceutical care / (Record no. 13674)
[ view plain ]
| 000 -LEADER | |
|---|---|
| fixed length control field | 03541cam a22004934a 4500 |
| 001 - CONTROL NUMBER | |
| control field | 15506100 |
| 003 - CONTROL NUMBER IDENTIFIER | |
| control field | OSt |
| 005 - DATE AND TIME OF LATEST TRANSACTION | |
| control field | 20140310182451.0 |
| 008 - FIXED-LENGTH DATA ELEMENTS--GENERAL INFORMATION | |
| fixed length control field | 081029s2010 mauab b 001 0 eng |
| 010 ## - LIBRARY OF CONGRESS CONTROL NUMBER | |
| LC control number | 2008047471 |
| 016 7# - NATIONAL BIBLIOGRAPHIC AGENCY CONTROL NUMBER | |
| Record control number | 101487871 |
| Source | DNLM |
| 020 ## - INTERNATIONAL STANDARD BOOK NUMBER | |
| International Standard Book Number | 9780763764081 |
| 020 ## - INTERNATIONAL STANDARD BOOK NUMBER | |
| International Standard Book Number | 0763764086 |
| 035 ## - SYSTEM CONTROL NUMBER | |
| System control number | (OCoLC)ocn269433007 |
| 040 ## - CATALOGING SOURCE | |
| Original cataloging agency | DNLM/DLC |
| Transcribing agency | DLC |
| Modifying agency | BTCTA |
| -- | NLM |
| -- | YDXCP |
| -- | C#P |
| -- | DLC |
| 042 ## - AUTHENTICATION CODE | |
| Authentication code | pcc |
| 050 00 - LIBRARY OF CONGRESS CALL NUMBER | |
| Classification number | RS 92 |
| Item number | .So638 2010 |
| 060 00 - NATIONAL LIBRARY OF MEDICINE CALL NUMBER | |
| Classification number | 2009 E-509 |
| 060 10 - NATIONAL LIBRARY OF MEDICINE CALL NUMBER | |
| Classification number | QV 737 |
| Item number | S6775 2010 |
| 082 00 - DEWEY DECIMAL CLASSIFICATION NUMBER | |
| Classification number | 615.5/8 |
| 245 00 - TITLE STATEMENT | |
| Title | Social and behavioral aspects of pharmaceutical care / |
| Statement of responsibility, etc | edited by Nathaniel M. Rickles, Albert I. Wertheimer, Mickey C. Smith. |
| 250 ## - EDITION STATEMENT | |
| Edition statement | 2nd ed. |
| 260 ## - PUBLICATION, DISTRIBUTION, ETC. (IMPRINT) | |
| Place of publication, distribution, etc | Sudbury, Mass. : |
| Name of publisher, distributor, etc | Jones and Bartlett Publishers, |
| Date of publication, distribution, etc | c2010. |
| 300 ## - PHYSICAL DESCRIPTION | |
| Extent | xxx, 484 p. : |
| Other physical details | ill., map ; |
| Dimensions | 23 cm. |
| 504 ## - BIBLIOGRAPHY, ETC. NOTE | |
| Bibliography, etc | Includes bibliographical references and index. |
| 505 0# - FORMATTED CONTENTS NOTE | |
| Formatted contents note | Definitions and meaning of health and illness / Marcus Droege, Sean T. Leonard, H. John Baldwin -- Social epidemiology / Candace Miller ... [et al.] -- Individual and interpersonal models of health and illness behavior / Susan J. Blalock, Ashley J. Beard, Stacie B. Dusetzina -- Health disparities : international perspectives / Janine Morgall Traulsen, Paul Bissell -- Health promotion : program planning and evaluation / Karen S. Hudmon -- Behavioral medicine / John M. Lonie, John Pappan -- Professional socialization of pharmacists / Gregory J. Higby -- Organizational change / Salisa Westrick -- Prescribing behavior / Kent E.M. Groves, Neil J. MacKinon, Ingrid Sketris -- Patient decision making: responses to illness and treatment / Nathaniel M. Rickles ... [et al.] -- Interpersonal communication for pharmaceutical care / Lourdes G. Planas -- Pharmaceutical care : incorporating the needs and perspectives of caregivers / Felicity Smith, Sally-Ann Francis, Paul L. Ranelli -- Psychosocial aspects of medication adherence / Kevin C. Farmer -- Facilitating behavioral change / Jan Kavookjian -- Patient-reported outcomes of drug therapy / Stephen Joel Coons, Jeffrey A. Johnson -- Children, adolescents, and medicines / Patricia J. Bush, Katri Hameen-Anttila -- Social, behavioral, and economic aspects of medication use in older adults / Denise L. Orwig, Linda Gore Martin, Nicole J. Brandt -- Death and dying / Albert I. Wertheimer -- Care for individuals with mental illness / Nathaniel M. Rickles -- Medication use among culturally diverse patients / Ilene Abramson -- A psychosocial approach to medication errors / Elizabeth Flynn, Kraig L. Schell, Jenny O. Rickles -- Ethical issues influencing public policy initiatives / Robert I. Garis, Jeremy Popek, Richard L. O'Brien . |
| 650 #0 - SUBJECT ADDED ENTRY--TOPICAL TERM | |
| Topical term or geographic name as entry element | Pharmacy |
| General subdivision | Social aspects. |
| 9 (RLIN) | 8102 |
| 650 #0 - SUBJECT ADDED ENTRY--TOPICAL TERM | |
| Topical term or geographic name as entry element | Pharmacy management. |
| 9 (RLIN) | 7785 |
| 650 #0 - SUBJECT ADDED ENTRY--TOPICAL TERM | |
| Topical term or geographic name as entry element | Pharmacist and patient. |
| 9 (RLIN) | 7975 |
| 650 12 - SUBJECT ADDED ENTRY--TOPICAL TERM | |
| Topical term or geographic name as entry element | Pharmaceutical Services. |
| 650 22 - SUBJECT ADDED ENTRY--TOPICAL TERM | |
| Topical term or geographic name as entry element | Drug Therapy |
| General subdivision | psychology. |
| 9 (RLIN) | 8103 |
| 650 22 - SUBJECT ADDED ENTRY--TOPICAL TERM | |
| Topical term or geographic name as entry element | Health Behavior. |
| 9 (RLIN) | 8104 |
| 650 22 - SUBJECT ADDED ENTRY--TOPICAL TERM | |
| Topical term or geographic name as entry element | Pharmacists |
| General subdivision | psychology. |
| 9 (RLIN) | 8105 |
| 650 22 - SUBJECT ADDED ENTRY--TOPICAL TERM | |
| Topical term or geographic name as entry element | Professional-Patient Relations. |
| 9 (RLIN) | 8106 |
| 650 22 - SUBJECT ADDED ENTRY--TOPICAL TERM | |
| Topical term or geographic name as entry element | Social Medicine. |
| 9 (RLIN) | 8107 |
| 700 1# - ADDED ENTRY--PERSONAL NAME | |
| Personal name | Rickles, Nathaniel M. |
| 9 (RLIN) | 8108 |
| 700 1# - ADDED ENTRY--PERSONAL NAME | |
| Personal name | Wertheimer, Albert I. |
| 9 (RLIN) | 8109 |
| 700 1# - ADDED ENTRY--PERSONAL NAME | |
| Personal name | Smith, Mickey C. |
| 9 (RLIN) | 8110 |
| 906 ## - LOCAL DATA ELEMENT F, LDF (RLIN) | |
| a | 7 |
| b | cbc |
| c | orignew |
| d | 1 |
| e | ecip |
| f | 20 |
| g | y-gencatlg |
| 942 ## - ADDED ENTRY ELEMENTS (KOHA) | |
| Source of classification or shelving scheme | Library of Congress Classification |
| Koha item type | |
| Withdrawn status | Lost status | Source of classification or shelving scheme | Damaged status | Home library | Current library | Shelving location | Date acquired | Source of acquisition | Total Checkouts | Full call number | Barcode | Date last seen | Copy number | Price effective from | Koha item type |
|---|---|---|---|---|---|---|---|---|---|---|---|---|---|---|---|
| Library of Congress Classification | South SEED-LPDH College Library | South SEED-LPDH College Library | South SEED-LPDH College Section | 08/05/2013 | Donation | RS 92 .So638 2010 | SSLC0469 | 04/20/2017 | 1 | 08/05/2013 | Books | ||||
| Library of Congress Classification | South SEED-LPDH College Library | South SEED-LPDH College Library | South SEED-LPDH College Section | 08/05/2013 | RS 92 .So638 2010 | SSLC0554 | 02/19/2020 | 2 | 08/05/2013 | Books |